Political Parties of Israel - Statistics

General Stats
  • This quiz has been taken 29 times
  • The average score is 9 of 15
Answer Stats
Hint Answer % Correct
32 Likud-National Liberal Party (LIKUD)
100%
11 Sephardi Guardians (Shas)
80%
23 Yesh Atid (YA)
80%
7 Otzma Yehudit (OY)
68%
4 The Democrats (DEMOKRATIM)
68%
5 United Arab List (RAAM)
60%
4 New Hope (TH)
56%
6 Mafdal-Religious Zionist Party (MAFDAL-RZP)
52%
4 Agudat Yisrael (AY)
48%
4 Democratic Front for Justice and Equality (HADASH)
48%
1 Arab Movement for Renewal (TAAL)
44%
3 Degel HaTorah (DHT)
44%
6 Yisrael Beiteinu (YB)
40%
1 Noam (NOAM)
36%
8 National Unity Party (NUP)
32%
No matching quizzes found
Score Distribution
Percent of People with Each Score
Percentile by Number Answered
Your Score History
You have not taken this quiz